U7 Stationen (Karte Berliner Ortsteile) - Statistiken

Allgemein
  • Dieses Quiz wurde 31 mal gespielt
  • Das Durchschnittsergebnis liegt bei 29 aus 40
Antworten auf der Karte
Die Antworten werden auf der Karte rot bzw. grün angezeigt, abhängig davon wie oft sie richtig erraten wurden.
 
Antwortstatistiken
Antwort % Korrekt
Rathaus Spandau
100%
Rudow
100%
Adenauerplatz
86%
Bismarckstraße
86%
Jakob-Kaiser-Platz
86%
Jungfernheide
86%
Mehringdamm
86%
Mierendorffplatz
86%
Rohrdamm
86%
Siemensdamm
86%
Zitadelle
86%
Altstadt Spandau
71%
Bayerischer Platz
71%
Berliner Straße
71%
Britz-Süd
71%
Eisenacher Straße
71%
Grenzallee
71%
Halemweg
71%
Haselhorst
71%
Hermannplatz
71%
Karl-Marx-Straße
71%
Konstanzer Straße
71%
Möckernbrücke
71%
Neukölln
71%
Parchimer Allee
71%
Rathaus Neukölln
71%
Richard-Wagner-Platz
71%
Südstern
71%
Wilmersdorfer Straße
71%
Wutzkyallee
71%
Yorckstraße
71%
Zwickauer Damm
71%
Blaschkoallee
57%
Blissestraße
57%
Fehrbelliner Platz
57%
Gneisenaustraße
57%
Johannisthaler Chaussee
57%
Kleistpark
57%
Lipschitzallee
57%
Paulsternstraße
57%
Keine übereinstimmenden Quizze gefunden
Verteilung der Resultate
Anzahl Personen mit jedem Resultat
Perzentil nach korrekt beantworteten Fragen
Ihre Resultats-Entwicklung
Sie haben dieses Quiz noch nicht gespielt